000 00592nam a22001937a 4500
005 20171030115156.0
010 _aENG-120940
020 _c250.00
_a9788179664407
035 _aEN-104472
037 _bDBAD/PUB
082 _a796.358
100 _aSam
245 _aThe first 10 runs /
_cby Sam [and] James Thevanayagam
260 _aChennai
_bOlivannan Gopalakrishnan Emerald Publishers
_c2017
270 _a15A, First Floor, Casa Major Road Egmore
_bChennai
_e600008
300 _a151p.
_c22cm(pbk)
700 _aThevanayagam, James
942 _2ddc
_cEN
_mSAM
_h796.358
999 _c146985
_d146985